Statistics for Songs With Place Names In The Title

Click here to take the quiz!

General Stats

  • This quiz has been taken 344 times
    (28 since last reset)
  • The average score is 7 of 31

Answer Stats

ArtistAnswer% Correct
The Mamas & The PapasCalifornia Dreamin'
77%
The ClashLondon Calling
73%
Bruce SpringsteenBorn in the USA
46%
KissDetroit rock city
46%
Will SmithMiami
46%
Beastie BoysNo sleep till Brooklyn
38%
NWAStraight outta Compton
38%
BastillePompeii
35%
Johnny Cash & June CarterJackson
31%
The DoorsLA Woman
31%
The BeatlesPenny Lane
31%
Led ZeppelinKashmir
23%
Crosby, Stills, Nash & YoungOhio
23%
Murray HeadOne night in Bangkok
23%
Elvis PresleyViva Las Vegas
23%
UltravoxVienna
19%
Ed SheeranGalway Girl
15%
Tina TurnerNutbush City Limits
15%
Scott MckenzieSan Francisco
15%
AmericaVentura Highway
15%
Glen CampbellWichita Lineman
12%
The Rolling StonesHarlem Shuffle
8%
Siouxsie and the BansheesHong Kong Garden
8%
Bonnie TylerLost in France
8%
The KinksWaterloo Sunset
8%
ColdplayAmsterdam
4%
Julie CovingtonDon't cry for me Argentina
4%
JapanLife in Tokyo
4%
Crosby, Stills & NashMarrakesh Express
4%
MadnessNight boat to Cairo
4%
Simple MindsBelfast child
0%

Score Distribution

Percentile by Number Answered

Percent of People with Each Score

Your Score History

You have not taken this quiz since the last reset